000 00470nam a2200157 i 4500
001 29468
003 ES-MaACL
005 20230906154034.0
007 t|
008 030122s1975 sp ||||1| spa d
100 1 _aBarce, Ramón.
_925496
245 1 3 _aLa escuela de sabiduría de Juan Mairena /
_cRamón Barce.
260 _a[S.l. :
_bs.n.,
_c1975] (
_eMadrid :
_fImp. Boletín Oficial del Estado)
300 _a11 p. ;
_c24 cm.
852 _aES-MaACL
_j2106-F-5
_bR.95010
999 _c29468
_d29468